[Event "DVM U20w 2010"]
[Site "Magdeburg GER"]
[Date "2010.12.30"]
[Round "7"]
[White "Erben, Larissa"]
[Black "Bachem, Sabrina"]
[Result "1/2-1/2"]
[Termination "normal"]
[Board "1.1"]
[WhiteElo "2092"]
[BlackElo "1497"]
[WhiteTeam "SV Stuttgart-Wolfbusch"]
[BlackTeam "TTC GW Fritzdorf"]
[PlyCount "82"]
[WhiteFideId "24634590"]
[EventCountry "GER"]
[EventRounds "7"]
[EventType "team-swiss"]
[EventDate "2010.12.26"]

1. e4 e5 2. Nf3 Nc6 3. Bb5 d6 4. O-O Nf6 5. Re1 Bd7 6. c3 Be7 7. d4 a6 8. Ba4
b5 9. Bc2 O-O 10. h3 Qc8 11. Nh2 Ne8 12. a4 Na7 13. Nd2 c5 14. Ndf3 Bf6 15. Be3
Rb8 16. dxc5 dxc5 17. b4 cxb4 18. cxb4 Nc6 19. Bc5 Be7 20. Bxe7 Nxe7 21. Nxe5
Nf6 22. Rc1 Qb7 23. Nxd7 Qxd7 24. Qxd7 Nxd7 25. axb5 axb5 26. Nf3 Nc6 27. Red1
Nb6 28. Bd3 Nxb4 29. Bxb5 Nc8 30. Bd7 Ne7 31. Ne5 Rfd8 32. Ba4 h6 33. Rb1 Rxd1+
34. Bxd1 Nec6 35. Nxc6 Nxc6 36. Rxb8+ Nxb8 37. g4 Kf8 38. Kg2 Ke7 39. Kf3 Nd7
40. Ke3 g5 41. Kd4 Kd6 1/2-1/2

[Event "DVM U20w 2010"]
[Site "Magdeburg GER"]
[Date "2010.12.30"]
[Round "7"]
[White "Bachem, Lisa"]
[Black "Stitterich, Nadine"]
[Result "0-1"]
[Termination "normal"]
[Board "1.2"]
[WhiteElo "1487"]
[BlackElo "2000"]
[WhiteTeam "TTC GW Fritzdorf"]
[BlackTeam "SV Stuttgart-Wolfbusch"]
[PlyCount "66"]
[WhiteFideId "12909912"]
[BlackFideId "24676527"]
[EventCountry "GER"]
[EventRounds "7"]
[EventType "team-swiss"]
[EventDate "2010.12.26"]

1. e4 c5 2. Nf3 e6 3. d4 cxd4 4. Nxd4 Nc6 5. Be3 Qc7 6. Bd3 a6 7. O-O Nf6 8.
Nc3 Ne5 9. Bf4 d6 10. Nf3 Be7 11. Qe2 O-O 12. Nxe5 dxe5 13. Bg3 Bc5 14. Na4 Ba7
15. Rab1 Bd7 16. Nc3 Bd4 17. Nd1 Bc6 18. Kh1 g6 19. Qf3 Nh5 20. Ne3 f5 21. c3
Bxe3 22. fxe3 fxe4 23. Qg4 Nxg3+ 24. hxg3 exd3 25. Qxe6+ Kg7 26. Qg4 Qd6 27.
Rbd1 Rad8 28. b3 Rxf1+ 29. Rxf1 Qd5 30. Rg1 d2 31. Qd1 Qe6 32. g4 Qf6 33. g5
Qxg5 0-1

[Event "DVM U20w 2010"]
[Site "Magdeburg GER"]
[Date "2010.12.30"]
[Round "7"]
[White "Schäfer, Daniela"]
[Black "Sturm, Johanna"]
[Result "1/2-1/2"]
[Termination "normal"]
[Board "1.3"]
[WhiteElo "1920"]
[BlackElo "1441"]
[WhiteTeam "SV Stuttgart-Wolfbusch"]
[BlackTeam "TTC GW Fritzdorf"]
[PlyCount "87"]
[WhiteFideId "4624769"]
[BlackFideId "12909904"]
[EventCountry "GER"]
[EventRounds "7"]
[EventType "team-swiss"]
[EventDate "2010.12.26"]

1. e4 e5 2. Nf3 Nc6 3. Bb5 d6 4. O-O Bd7 5. c3 Be7 6. d4 Nf6 7. Re1 O-O 8. h3
a6 9. Bc4 Rb8 10. Nbd2 h6 11. Nf1 Nh7 12. d5 Na7 13. Be3 c5 14. dxc6 Nxc6 15.
Ng3 Be6 16. Bd5 Bf6 17. Nh5 Bxd5 18. exd5 Ne7 19. c4 Ng6 20. Qd2 Rc8 21. Rec1
Bg5 22. Nxg5 Nxg5 23. Bxg5 Qxg5 24. Qxg5 hxg5 25. Ng3 f6 26. Nf5 Rcd8 27. g3
Rf7 28. Rc3 Ne7 29. Ne3 g6 30. b4 Nf5 31. Nxf5 gxf5 32. Rd1 b6 33. a4 Rc7 34.
Kg2 Rdc8 35. Rdc1 b5 36. axb5 axb5 37. c5 dxc5 38. Rxc5 Rxc5 39. bxc5 Kf7 40.
h4 b4 41. h5 b3 42. c6 Ke7 43. Rb1 Kd6 44. c7 1/2-1/2

[Event "DVM U20w 2010"]
[Site "Magdeburg GER"]
[Date "2010.12.30"]
[Round "7"]
[White "Jentsch, Jasmin"]
[Black "Häcker, Katrin"]
[Result "1-0"]
[Termination "normal"]
[Board "1.4"]
[WhiteElo "1215"]
[BlackElo "1611"]
[WhiteTeam "TTC GW Fritzdorf"]
[BlackTeam "SV Stuttgart-Wolfbusch"]
[PlyCount "83"]
[WhiteFideId "12909920"]
[BlackFideId "24667986"]
[EventCountry "GER"]
[EventRounds "7"]
[EventType "team-swiss"]
[EventDate "2010.12.26"]

1. e4 e5 2. Nf3 Nc6 3. Bc4 Bc5 4. c3 Nf6 5. d4 exd4 6. cxd4 Bb4+ 7. Nc3 Nxe4 8.
O-O Bxc3 9. bxc3 d5 10. Bb5 O-O 11. Bxc6 bxc6 12. Qd3 Bf5 13. Qe3 Re8 14. Ne5
Qd6 15. f3 Nf6 16. Qf4 Bg6 17. Nxg6 hxg6 18. Qxd6 cxd6 19. Bf4 Rad8 20. Bg5 Re2
21. Rfc1 c5 22. a4 Rb8 23. Rab1 Rbb2 24. Rxb2 Rxb2 25. Ra1 Rb3 26. Bxf6 gxf6
27. dxc5 Rxc3 28. cxd6 Rc6 29. d7 Rd6 30. d8=Q+ Rxd8 31. Kf2 Kf8 32. Ke3 Ke7
33. a5 Kd6 34. Rb1 Kc7 35. a6 Rb8 36. Rxb8 Kxb8 37. h4 Kc7 38. g4 Kd7 39. h5
gxh5 40. gxh5 Ke7 41. h6 Kf8 42. Kd4 1-0

[Event "DVM U20w 2010"]
[Site "Magdeburg GER"]
[Date "2010.12.30"]
[Round "7"]
[White "Hoffmann, Hanna Dorina"]
[Black "Zikeli, Saskia"]
[Result "0-1"]
[Termination "normal"]
[Board "2.1"]
[WhiteElo "1549"]
[BlackElo "2069"]
[WhiteTeam "Dortmunder SV 1875"]
[BlackTeam "Schachclub Ingersheim"]
[PlyCount "72"]
[WhiteFideId "12909858"]
[BlackFideId "24601543"]
[EventCountry "GER"]
[EventRounds "7"]
[EventType "team-swiss"]
[EventDate "2010.12.26"]

1. e4 c5 2. Nf3 d6 3. d4 cxd4 4. Nxd4 Nf6 5. Nc3 a6 6. Be3 e5 7. Nf3 Qc7 8. Qd2
Be7 9. Be2 O-O 10. O-O b5 11. Rad1 Bb7 12. Bd3 b4 13. Na4 d5 14. Nb6 dxe4 15.
Nxa8 Bxa8 16. Bxe4 Bxe4 17. Ng5 Qxc2 18. Qxc2 Bxc2 19. Rc1 Bd3 20. Rfd1 e4 21.
f3 Nd5 22. Nxe4 Bxe4 23. fxe4 Nxe3 24. Re1 Ng4 25. e5 Bg5 26. Rb1 Nc6 27. e6
fxe6 28. Rxe6 Be3+ 29. Rxe3 Nxe3 30. Re1 Nf1 31. Rxf1 Rxf1+ 32. Kxf1 Kf7 33.
Ke2 Ke6 34. Ke3 Ke5 35. Kd3 Kd5 36. Ke3 Ne5 0-1

[Event "DVM U20w 2010"]
[Site "Magdeburg GER"]
[Date "2010.12.30"]
[Round "7"]
[White "Jehle, Anja"]
[Black "Friese, Sarah"]
[Result "1-0"]
[Termination "normal"]
[Board "2.2"]
[WhiteElo "1933"]
[BlackElo "1490"]
[WhiteTeam "Schachclub Ingersheim"]
[BlackTeam "Dortmunder SV 1875"]
[PlyCount "59"]
[WhiteFideId "24631434"]
[BlackFideId "24691950"]
[EventCountry "GER"]
[EventRounds "7"]
[EventType "team-swiss"]
[EventDate "2010.12.26"]

1. d4 d5 2. c4 c6 3. Nf3 Nf6 4. Bg5 Nbd7 5. e3 e6 6. Nc3 Be7 7. Bd3 dxc4 8.
Bxc4 O-O 9. O-O b5 10. Bd3 Bb7 11. a3 a6 12. b4 a5 13. Rb1 Nb6 14. e4 axb4 15.
axb4 h6 16. Be3 Ra3 17. Qc2 Qc7 18. Bc1 Ra7 19. Nxb5 Qb8 20. Nxa7 Qxa7 21. Be3
Rc8 22. Bf4 Ra8 23. h3 Nh5 24. Be3 Bd8 25. Qd2 Qa2 26. Qxa2 Rxa2 27. Ra1 Ra8
28. Rxa8 Bxa8 29. Ra1 Bc7 30. d5 1-0

[Event "DVM U20w 2010"]
[Site "Magdeburg GER"]
[Date "2010.12.30"]
[Round "7"]
[White "Finke, Lara"]
[Black "Zikeli, Julia"]
[Result "0-1"]
[Termination "normal"]
[Board "2.3"]
[WhiteElo "1270"]
[BlackElo "1834"]
[WhiteTeam "Dortmunder SV 1875"]
[BlackTeam "Schachclub Ingersheim"]
[PlyCount "102"]
[WhiteFideId "12909874"]
[BlackFideId "24622753"]
[EventCountry "GER"]
[EventRounds "7"]
[EventType "team-swiss"]
[EventDate "2010.12.26"]

1. e4 c5 2. Nf3 d6 3. d4 cxd4 4. Nxd4 Nf6 5. Nc3 a6 6. Be3 e5 7. Nb3 Be6 8. Qd2
Be7 9. Be2 Ng4 10. Bxg4 Bxg4 11. f3 Be6 12. O-O-O Nd7 13. h4 Nb6 14. Bxb6 Qxb6
15. Nd5 Bxd5 16. Qxd5 Rc8 17. Na5 Rc5 18. Nc4 Qc7 19. Nxd6+ Bxd6 20. Qxd6 Rxc2+
21. Kb1 Qxd6 22. Rxd6 Rxg2 23. Rhd1 O-O 24. Rd7 Rf2 25. R1d3 g6 26. Rxb7 Rc8
27. a4 Rc4 28. a5 Rf1+ 29. Ka2 Ra4+ 30. Ra3 Rxa3+ 31. Kxa3 Rxf3+ 32. Ka4 Rf4
33. b4 Rxe4 34. Rb6 f5 35. Rxa6 f4 36. Rd6 f3 37. a6 Re1 38. Rd3 f2 39. a7 f1=Q
40. a8=Q+ Kg7 41. Qb7+ Kh6 42. Qf3 Qxf3 43. Rxf3 e4 44. Rf7 e3 45. Re7 e2 46.
Kb3 Rb1+ 47. Kc3 e1=Q+ 48. Rxe1 Rxe1 49. b5 Rb1 50. Kc4 Kh5 51. Kc5 Kxh4 0-1

[Event "DVM U20w 2010"]
[Site "Magdeburg GER"]
[Date "2010.12.30"]
[Round "7"]
[White "Fröschle, Luzie"]
[Black "Hoffmann, Clara Sandrine"]
[Result "1-0"]
[Termination "normal"]
[Board "2.4"]
[WhiteElo "1775"]
[BlackElo "1133"]
[WhiteTeam "Schachclub Ingersheim"]
[BlackTeam "Dortmunder SV 1875"]
[PlyCount "51"]
[WhiteFideId "24631221"]
[BlackFideId "12909882"]
[EventCountry "GER"]
[EventRounds "7"]
[EventType "team-swiss"]
[EventDate "2010.12.26"]

1. d4 d5 2. c4 e6 3. cxd5 exd5 4. Nc3 Nf6 5. Bg5 Bb4 6. Qa4+ Nc6 7. e3 Bxc3+ 8.
bxc3 O-O 9. Nf3 Qd6 10. Bf4 Qe7 11. Bd3 Bd7 12. Qb3 Na5 13. Qc2 c6 14. Ne5 Bc8
15. O-O Ne4 16. c4 Be6 17. c5 f6 18. Nf3 Bf5 19. Nh4 g5 20. Nxf5 Qd7 21. Bd6
Rfe8 22. Nh6+ Kg7 23. f3 Kxh6 24. fxe4 Nc4 25. Rxf6+ Kh5 26. Qe2+ 1-0

[Event "DVM U20w 2010"]
[Site "Magdeburg GER"]
[Date "2010.12.30"]
[Round "7"]
[White "Blübaum, Johanna"]
[Black "Stark, Saskia"]
[Result "0-1"]
[Termination "normal"]
[Board "3.1"]
[WhiteElo "2026"]
[BlackElo "1978"]
[WhiteTeam "Schachverein Wesel 1928"]
[BlackTeam "SG Grün-Weiß Dresden"]
[PlyCount "80"]
[WhiteFideId "24647373"]
[BlackFideId "4601050"]
[EventCountry "GER"]
[EventRounds "7"]
[EventType "team-swiss"]
[EventDate "2010.12.26"]

1. d4 d5 2. c4 dxc4 3. Nc3 e5 4. dxe5 Qxd1+ 5. Kxd1 Be6 6. Nf3 Nc6 7. Bg5 Be7
8. Bxe7 Ngxe7 9. e4 O-O-O+ 10. Ke1 Ng6 11. Ng5 Nb4 12. Rc1 Nxe5 13. Nxe6 fxe6
14. Rd1 Rxd1+ 15. Nxd1 Nxa2 16. h4 Rd8 17. Rh3 a6 18. f4 Nd3+ 19. Bxd3 Rxd3 20.
Rxd3 cxd3 21. Kd2 Nb4 22. Nf2 c5 23. g4 Kd7 24. g5 b5 25. h5 c4 26. Ng4 Nc6 27.
f5 exf5 28. exf5 Nd4 29. f6 gxf6 30. Nxf6+ Ke7 31. Nxh7 Kf7 32. Ke3 b4 33. Nf6
a5 34. Ne4 Nb5 35. h6 a4 36. Kd2 a3 37. bxa3 bxa3 38. Kc1 c3 39. h7 Kg7 40. g6
a2 0-1

[Event "DVM U20w 2010"]
[Site "Magdeburg GER"]
[Date "2010.12.30"]
[Round "7"]
[White "Lorenz, Nicole"]
[Black "Orhan, Eda"]
[Result "1/2-1/2"]
[Termination "normal"]
[Board "3.2"]
[WhiteElo "1887"]
[BlackElo "1756"]
[WhiteTeam "SG Grün-Weiß Dresden"]
[BlackTeam "Schachverein Wesel 1928"]
[PlyCount "37"]
[WhiteFideId "24623709"]
[BlackFideId "24659258"]
[EventCountry "GER"]
[EventRounds "7"]
[EventType "team-swiss"]
[EventDate "2010.12.26"]

1. e4 c6 2. d4 d5 3. e5 e6 4. f4 c5 5. c3 Nc6 6. Nf3 Qb6 7. Be2 cxd4 8. cxd4
Bb4+ 9. Nc3 Bxc3+ 10. bxc3 Nge7 11. O-O O-O 12. Kh1 Bd7 13. Ba3 Rfe8 14. Rb1
Qa5 15. Bxe7 Nxe7 16. Qb3 b5 17. Rfc1 a6 18. Bd3 Rac8 19. Rc2 1/2-1/2

[Event "DVM U20w 2010"]
[Site "Magdeburg GER"]
[Date "2010.12.30"]
[Round "7"]
[White "Höpken, Sarah"]
[Black "Kosovska, Olena"]
[Result "0-1"]
[Termination "normal"]
[Board "3.3"]
[WhiteElo "1451"]
[BlackElo "1872"]
[WhiteTeam "Schachverein Wesel 1928"]
[BlackTeam "SG Grün-Weiß Dresden"]
[PlyCount "58"]
[WhiteFideId "12927279"]
[BlackFideId "4647963"]
[EventCountry "GER"]
[EventRounds "7"]
[EventType "team-swiss"]
[EventDate "2010.12.26"]

1. e4 c5 2. Bc4 e6 3. Nc3 Nc6 4. Nf3 d6 5. d3 Nf6 6. Bg5 Be7 7. Bb3 O-O 8. O-O
Bd7 9. Re1 Rb8 10. a4 Rc8 11. Qd2 Nd4 12. Nxd4 cxd4 13. Nb5 Qb6 14. Na3 Qc5 15.
Re2 Nxe4 16. Rxe4 Bxg5 17. Qd1 e5 18. Nc4 Kh8 19. Qf3 Bc6 20. Qg3 Bxe4 21. Qxg5
Bc6 22. Qe7 Rcd8 23. Re1 Qb4 24. Re2 a5 25. Nxe5 dxe5 26. Qh4 Bxa4 27. Bxf7
Qxb2 28. f3 Qc1+ 29. Re1 Qf4 0-1

[Event "DVM U20w 2010"]
[Site "Magdeburg GER"]
[Date "2010.12.30"]
[Round "7"]
[White "Schreiber, Stefanie"]
[Black "Logwinenko, Maria"]
[Result "1/2-1/2"]
[Termination "normal"]
[Board "3.4"]
[WhiteElo "1256"]
[BlackElo "1273"]
[WhiteTeam "SG Grün-Weiß Dresden"]
[BlackTeam "Schachverein Wesel 1928"]
[PlyCount "51"]
[BlackFideId "12927287"]
[EventCountry "GER"]
[EventRounds "7"]
[EventType "team-swiss"]
[EventDate "2010.12.26"]

1. e4 e5 2. Nf3 d6 3. d4 exd4 4. Nxd4 Nf6 5. Nc3 Be7 6. Bc4 O-O 7. O-O Bd7 8.
Re1 Qc8 9. f3 Be6 10. Qd3 a6 11. Be3 Rd8 12. Nd5 Bxd5 13. Bxd5 Nxd5 14. exd5
Bf6 15. Rab1 Re8 16. Bf2 Rxe1+ 17. Rxe1 Nd7 18. Nf5 g6 19. Nd4 Nb6 20. Qb3 Nd7
21. c3 Bxd4 22. Bxd4 b5 23. Qc2 Qf8 24. Qe2 Rc8 25. Qe4 Qd8 26. Kf2 1/2-1/2

[Event "DVM U20w 2010"]
[Site "Magdeburg GER"]
[Date "2010.12.30"]
[Round "7"]
[White "Balsakow, Christine"]
[Black "Schmalhorst, Sophia"]
[Result "1-0"]
[Termination "normal"]
[Board "4.1"]
[WhiteElo "1383"]
[BlackElo "1861"]
[WhiteTeam "SK Nordhorn-Blanke"]
[BlackTeam "SC Ladja Roßdorf"]
[PlyCount "63"]
[BlackFideId "24682497"]
[EventCountry "GER"]
[EventRounds "7"]
[EventType "team-swiss"]
[EventDate "2010.12.26"]

1. e4 e5 2. d4 exd4 3. Qxd4 Nc6 4. Qe3 Nf6 5. Nc3 Be7 6. Qg3 Nb4 7. Bd3 d5 8.
a3 dxe4 9. Bb5+ Nc6 10. Bxc6+ bxc6 11. Nge2 Bf5 12. Bf4 Bd6 13. O-O-O Nh5 14.
Qe3 Nxf4 15. Nxf4 Qe7 16. Rhe1 Bxa3 17. Nxe4 Bxb2+ 18. Kxb2 Rb8+ 19. Kc1 O-O
20. Qc5 Qxc5 21. Nxc5 Rb5 22. Nd7 Ra8 23. Re7 a5 24. Rde1 f6 25. f3 a4 26. g4
Bxd7 27. Rxd7 a3 28. Ree7 Rg5 29. Kb1 a2+ 30. Ka1 Rb5 31. Rxg7+ Kf8 32. Ne6+
1-0

[Event "DVM U20w 2010"]
[Site "Magdeburg GER"]
[Date "2010.12.30"]
[Round "7"]
[White "Nguyen Minh, Thuy"]
[Black "Kleinschmidt, Annika"]
[Result "1-0"]
[Termination "normal"]
[Board "4.2"]
[WhiteElo "1910"]
[BlackElo "1552"]
[WhiteTeam "SC Ladja Roßdorf"]
[BlackTeam "SK Nordhorn-Blanke"]
[PlyCount "55"]
[WhiteFideId "24672688"]
[BlackFideId "24670049"]
[EventCountry "GER"]
[EventRounds "7"]
[EventType "team-swiss"]
[EventDate "2010.12.26"]

1. e4 c5 2. Nf3 Nc6 3. d4 cxd4 4. Nxd4 g6 5. Nc3 Bg7 6. Be3 Nf6 7. f3 O-O 8.
Bc4 a6 9. Bb3 d6 10. Qd2 Bd7 11. g4 b5 12. a3 Rc8 13. O-O-O Ne5 14. h4 Nc4 15.
Bxc4 Rxc4 16. h5 b4 17. axb4 Rxb4 18. hxg6 fxg6 19. Nb3 Be6 20. Nd5 Rb7 21. Bh6
Bxd5 22. Bxg7 Kxg7 23. exd5 Qc7 24. Nd4 Qb6 25. Ne6+ Kg8 26. Qc3 Rf7 27. Qc8+
Rf8 28. Qxf8# 1-0

[Event "DVM U20w 2010"]
[Site "Magdeburg GER"]
[Date "2010.12.30"]
[Round "7"]
[White "Warmer, Marina"]
[Black "Tran, My Linh"]
[Result "0-1"]
[Termination "normal"]
[Board "4.3"]
[WhiteElo "1519"]
[BlackElo "1892"]
[WhiteTeam "SK Nordhorn-Blanke"]
[BlackTeam "SC Ladja Roßdorf"]
[PlyCount "28"]
[WhiteFideId "12909840"]
[BlackFideId "24682462"]
[EventCountry "GER"]
[EventRounds "7"]
[EventType "team-swiss"]
[EventDate "2010.12.26"]

1. e4 e5 2. Nf3 Nc6 3. d4 exd4 4. Nxd4 Nf6 5. f3 d5 6. Nxc6 bxc6 7. Bd3 Bc5 8.
Nc3 O-O 9. Bg5 Qd6 10. Bxf6 Qxf6 11. exd5 Re8+ 12. Be2 Ba6 13. Ne4 Rxe4 14. Rf1
Rxe2+ 0-1

[Event "DVM U20w 2010"]
[Site "Magdeburg GER"]
[Date "2010.12.30"]
[Round "7"]
[White "Hiller, Vanessa"]
[Black "Veelders, Sarah"]
[Result "1-0"]
[Termination "normal"]
[Board "4.4"]
[WhiteElo "1587"]
[BlackElo "1085"]
[WhiteTeam "SC Ladja Roßdorf"]
[BlackTeam "SK Nordhorn-Blanke"]
[PlyCount "95"]
[WhiteFideId "24668761"]
[BlackFideId "12913421"]
[EventCountry "GER"]
[EventRounds "7"]
[EventType "team-swiss"]
[EventDate "2010.12.26"]

1. d4 d5 2. c4 e6 3. Nc3 Nf6 4. Bg5 Nbd7 5. Nf3 c6 6. e3 Qa5 7. Nd2 dxc4 8.
Bxf6 Nxf6 9. Nxc4 Qc7 10. Be2 b5 11. Ne5 Bd6 12. Nf3 O-O 13. Rc1 Bb7 14. Nxb5
Qa5+ 15. Nc3 Ne4 16. Qb3 Rab8 17. Qa4 Qxa4 18. Nxa4 Bb4+ 19. Nc3 Rfc8 20. O-O
Bxc3 21. bxc3 c5 22. Ne5 cxd4 23. cxd4 h6 24. Nd7 Ra8 25. f3 Nc3 26. Rc2 Rc7
27. Nc5 Nd5 28. Rb2 Bc6 29. Rb3 a5 30. e4 Nf4 31. Bc4 a4 32. Rb2 Rd8 33. Rd1 e5
34. Rbd2 exd4 35. Rxd4 Re8 36. Kf2 a3 37. Nd3 Nxd3+ 38. R1xd3 Bd7 39. Bxf7+
Kxf7 40. Rxd7+ Rxd7 41. Rxd7+ Kf8 42. Ra7 Rc8 43. Rxa3 Kf7 44. Kg3 Kf6 45. Re3
Ra8 46. e5+ Ke6 47. a3 Ra5 48. Kg4 1-0

[Event "DVM U20w 2010"]
[Site "Magdeburg GER"]
[Date "2010.12.30"]
[Round "7"]
[White "Wisheckel, Lena"]
[Black "Wilke, Tabea"]
[Result "1-0"]
[Termination "normal"]
[Board "5.1"]
[WhiteElo "1778"]
[BlackElo "994"]
[WhiteTeam "SpVgg Stetten"]
[BlackTeam "SC Hattersheim"]
[PlyCount "91"]
[WhiteFideId "24691992"]
[BlackFideId "12910015"]
[EventCountry "GER"]
[EventRounds "7"]
[EventType "team-swiss"]
[EventDate "2010.12.26"]

1. e4 e5 2. Nf3 Nc6 3. d4 exd4 4. Nxd4 Bc5 5. Be3 d6 6. Nxc6 bxc6 7. Bxc5 dxc5
8. Qxd8+ Kxd8 9. Nc3 Bd7 10. O-O-O Ke7 11. Na4 Nf6 12. Nxc5 Rad8 13. f3 Be6 14.
Be2 Nd7 15. Nxd7 Bxd7 16. Bc4 f6 17. Rd2 Be6 18. Rxd8 Rxd8 19. Bxe6 Kxe6 20.
Rd1 Rxd1+ 21. Kxd1 Ke5 22. Ke2 g5 23. Ke3 h5 24. g3 f5 25. f4+ gxf4+ 26. gxf4+
Ke6 27. e5 c5 28. c4 a5 29. Kd3 a4 30. Kc3 Kd7 31. b4 axb3 32. Kxb3 c6 33. a4
h4 34. h3 Kc7 35. a5 Kb7 36. Ka4 Kc7 37. a6 Kb6 38. e6 Kxa6 39. e7 Kb7 40. e8=Q
Kb6 41. Qd7 Ka6 42. Qxc6+ Ka7 43. Kb5 Kb8 44. Qd7 Ka8 45. Kb6 Kb8 46. Qb7# 1-0

[Event "DVM U20w 2010"]
[Site "Magdeburg GER"]
[Date "2010.12.30"]
[Round "7"]
[White "Neisius, Laura"]
[Black "Münch, Marlene"]
[Result "0-1"]
[Termination "normal"]
[Board "5.2"]
[WhiteElo "1002"]
[BlackElo "1850"]
[WhiteTeam "SC Hattersheim"]
[BlackTeam "SpVgg Stetten"]
[PlyCount "68"]
[WhiteFideId "12910040"]
[BlackFideId "24639222"]
[EventCountry "GER"]
[EventRounds "7"]
[EventType "team-swiss"]
[EventDate "2010.12.26"]

1. e4 e6 2. d4 d5 3. exd5 exd5 4. Nc3 c6 5. Bd3 Bd6 6. Be3 Nf6 7. h3 O-O 8. Qf3
Nbd7 9. Bf5 Nb6 10. O-O-O Nc4 11. Na4 Qa5 12. b3 b5 13. bxc4 bxa4 14. Bd2 Bb4
15. Bxc8 Rfxc8 16. Bxb4 Qxb4 17. cxd5 cxd5 18. a3 Qc4 19. Qd3 Qa2 20. f3 Rab8
21. Kd2 Rb3 22. Qf5 Rbc3 23. Qxc8+ Rxc8 24. Rc1 Qxa3 25. Ne2 Qb4+ 26. Kd1 a3
27. Ra1 Qb2 28. Kd2 Rxc2+ 29. Ke3 Rxe2+ 30. Kf4 Qxd4+ 31. Kg3 Qf2+ 32. Kf4 Qxg2
33. Rag1 Nh5+ 34. Kf5 g6# 0-1

[Event "DVM U20w 2010"]
[Site "Magdeburg GER"]
[Date "2010.12.30"]
[Round "7"]
[White "Heyd, Julia"]
[Black "Mehling, Katharina"]
[Result "0-1"]
[Termination "normal"]
[Board "5.4"]
[WhiteElo "1000"]
[BlackElo "1606"]
[WhiteTeam "SC Hattersheim"]
[BlackTeam "SpVgg Stetten"]
[PlyCount "64"]
[WhiteFideId "12927317"]
[BlackFideId "12900362"]
[EventCountry "GER"]
[EventRounds "7"]
[EventType "team-swiss"]
[EventDate "2010.12.26"]

1. e4 d6 2. d4 Nf6 3. Nc3 g6 4. Bc4 Bg7 5. Nf3 O-O 6. O-O Nbd7 7. e5 Ng4 8. e6
Nb6 9. exf7+ Kh8 10. b3 Nxc4 11. bxc4 e5 12. Bg5 Qd7 13. dxe5 Nxe5 14. Nxe5
Bxe5 15. Bh6 Rxf7 16. Qd2 b6 17. Rae1 Ba6 18. Qd3 Qc6 19. Qe4 Qxe4 20. Rxe4
Bxc3 21. Rd1 Bg7 22. Bxg7+ Kxg7 23. a3 Raf8 24. Rd2 Rf4 25. Rxf4 Rxf4 26. Re2
Kf7 27. g3 Rxc4 28. h3 Rc3 29. Rd2 Rxa3 30. h4 Bb7 31. Rd3 Ra1+ 32. Kh2 Rh1#
0-1